Teoretické a praktické dôsledky globalizačných tendencií vo finančnom sektore zborník vedeckých statí

Gespeichert in:
Bibliographische Detailangaben
Körperschaft: Národohospodárska fakulta EU. Katedra bankovníctva a medzinárodných financií
Weitere Verfasser: Stanová, Barbora, 1989-, Kováčová, Jana, Horvátová, Eva, 1958-, Šturc, Boris, 1961-, Pilch, Ctibor, 1957-
Format: Buch
Sprache:Slowakisch
Veröffentlicht: Bratislava Vydavateľstvo EKONÓM 2014
Ausgabe:1. vyd.
Schlagworte:
Tags: Tag hinzufügen
Keine Tags, Fügen Sie das erste Tag hinzu!

MARC

LEADER 00000nlm a2200000 4500
001 0195831
005 20240507091821.9
020 |a 978-80-225-4018-6 
041 0 |a slo 
044 |a SK 
245 1 0 |a Teoretické a praktické dôsledky globalizačných tendencií vo finančnom sektore  |b zborník vedeckých statí  |c editori: Barbora Stanová, Jana Kováčová ; recenzenti: Eva Horvátová, Boris Šturc, Ctibor Pilch 
250 |a 1. vyd. 
264 1 |a Bratislava  |b Vydavateľstvo EKONÓM  |c 2014 
300 |a CD-ROM [62 s., 3,38 AH] 
610 2 0 |a trh finančný 
610 2 0 |a likvidita 
610 2 0 |a banky 
610 2 0 |a správa spoločnosti 
610 2 0 |a úrok 
610 2 0 |a eurozóna 
610 2 0 |a akcie 
610 2 0 |a Rusko 
700 1 |a Stanová, Barbora, 1989- 
700 1 |a Kováčová, Jana 
700 1 |a Horvátová, Eva, 1958- 
700 1 |a Šturc, Boris, 1961- 
700 1 |a Pilch, Ctibor, 1957- 
710 2 |a Národohospodárska fakulta EU. Katedra bankovníctva a medzinárodných financií